[Event "Ruhrgebiet Regionalliga 0708"]
[Site "Germany"]
[Date "2007.11.02"]
[Round "2.4"]
[White "Van Beek, Alexander"]
[Black "Joergens, Markus"]
[Result "1/2-1/2"]
[WhiteElo "2327"]
[BlackElo "2184"]
[PlyCount "70"]
[EventDate "2007.09.16"]
[EventType "team"]
[EventRounds "9"]
[EventCountry "GER"]
[SourceTitle "EXT 2009"]
[Source "ChessBase"]
[SourceDate "2008.11.26"]
[SourceVersion "1"]
[SourceVersionDate "2008.11.26"]
[SourceQuality "1"]
[WhiteTeam "Erkenschwick"]
[BlackTeam "Oberhausen"]
[WhiteTeamCountry "GER"]
[BlackTeamCountry "GER"]

1. d4 e6 2. c4 Nf6 3. g3 d5 4. Bg2 Bb4+ 5. Bd2 Be7 6. Nf3 0-0 7. 0-0 Nbd7 8. Bf4 dxc4 9. Qc2 c5 10. Qxc4 Nd5 11. Bd2 cxd4 12. Nxd4 Ne5 13. Qb3 Nb6 14. Nb5 Bd7 15. Bf4 Nec4 16. N1a3 Bxa3 17. Nxa3 Nxa3 18. Qxa3 Bc6 19. Bxc6 bxc6 20. Rfd1 Qf6 21. Rac1 Nd5 22. Bd6 Rfc8 23. e4 Nb6 24. Qc3 Qg6 25. Qe3 f5 26. Bc5 fxe4 27. Rd4 Nd5 28. Qxe4 Qxe4 29. Rxe4 a5 30. a3 Kf7 31. Rg4 Nf6 32. Ra4 Nd7 33. Be3 Ne5 34. Rf4+ Kg8 35. Ra4 g6 1/2-1/2

[Event "Ruhrgebiet Regionalliga 0405"]
[Site "Ruhrgebiet"]
[Date "2005.04.17"]
[Round "9.3"]
[White "Joergens, Markus"]
[Black "Tomaszewski, Roman"]
[Result "0-1"]
[WhiteElo "2038"]
[BlackElo "2317"]
[PlyCount "72"]
[EventDate "2004.09.19"]
[EventType "team"]
[EventRounds "9"]
[EventCountry "GER"]
[SourceTitle "EXT 2006"]
[Source "ChessBase"]
[SourceDate "2005.11.24"]
[SourceVersion "1"]
[SourceVersionDate "2005.11.24"]
[SourceQuality "1"]
[WhiteTeam "Oberhausen"]
[BlackTeam "Herne Sodingen"]
[WhiteTeamCountry "GER"]
[BlackTeamCountry "GER"]

1. e4 e6 2. d3 d5 3. Nd2 c5 4. Ngf3 Nc6 5. g3 g6 6. Bg2 Bg7 7. 0-0 Nge7 8. Re1 0-0 9. e5 Qc7 10. Qe2 b6 11. c3 f6 12. exf6 Bxf6 13. Nf1 e5 14. Bg5 Bg4 15. Bxf6 Rxf6 16. Ne3 Bd7 17. Nd2 Be6 18. Ng4 Bxg4 19. Qxg4 Raf8 20. Rf1 Kh8 21. Rae1 b5 22. c4 Nb4 23. cxd5 Nxd3 24. Ne4 Nxe1 25. Rxe1 Nxd5 26. Nxf6 Nxf6 27. Qe6 e4 28. Bxe4 Kg7 29. Qc6 Qa5 30. Rd1 Qxa2 31. Bf3 Qxb2 32. Qxc5 Rf7 33. Rd8 a6 34. Ra8 Nd7 35. Qc8 Ne5 36. Kg2 Rxf3 0-1

[Event "Ruhrgebiet Regionalliga 0405"]
[Site "Ruhrgebiet"]
[Date "2005.03.20"]
[Round "8.2"]
[White "Joergens, Markus"]
[Black "Schwalen, Peter"]
[Result "0-1"]
[WhiteElo "2038"]
[BlackElo "2126"]
[PlyCount "72"]
[EventDate "2004.09.19"]
[EventType "team"]
[EventRounds "9"]
[EventCountry "GER"]
[SourceTitle "EXT 2006"]
[Source "ChessBase"]
[SourceDate "2005.11.24"]
[SourceVersion "1"]
[SourceVersionDate "2005.11.24"]
[SourceQuality "1"]
[WhiteTeam "Oberhausen"]
[BlackTeam "Essen Ueberruhr"]
[WhiteTeamCountry "GER"]
[BlackTeamCountry "GER"]

1. d4 d5 2. c4 e6 3. Nc3 Be7 4. Nf3 Nf6 5. Bg5 0-0 6. e3 h6 7. Bxf6 Bxf6 8. Qd2 c6 9. h4 Re8 10. 0-0-0 g6 11. h5 g5 12. Bd3 Nd7 13. Bb1 Bg7 14. Qd3 Kf8 15. Nh2 dxc4 16. Qxc4 Nb6 17. Qb3 Nd5 18. e4 Nxc3 19. Qxc3 e5 20. dxe5 Qe7 21. Nf3 g4 22. Nd4 Bxe5 23. Qd2 Qf6 24. Nf5 Bxf5 25. exf5 Rad8 26. Qb4+ c5 27. Qxc5+ Kg7 28. Rxd8 Bxb2+ 29. Kc2 Rxd8 30. Rd1 Bd4 31. Qc4 Rd6 32. Qa4 Qxf5+ 33. Kb3 Qd5+ 34. Kc2 b5 35. Qb3 Rc6+ 36. Kd3 Rc3+ 0-1